|
|
|
|
| LEADER |
00000cam a2200000 a 4500 |
| 001 |
vtls009324089 |
| 003 |
SK-MaSNL |
| 005 |
20260301081748.0 |
| 008 |
251029|2008 xr al f 000 0 cze |
| 015 |
|
|
|a SNBZSA2012-00028
|
| 020 |
|
|
|a 9788024726748
|q (brož.)
|
| 035 |
|
|
|a 5949E070-D511-4B3C-8F68-402E0D927187
|
| 035 |
|
|
|a urn:nbn:sk:snk-aml3ut
|
| 035 |
|
|
|a urn:nbn:sk:snk-am008kic
|
| 040 |
|
|
|a SNK
|b slo
|c SNK
|e AACR2
|
| 041 |
1 |
|
|a cze
|h slo
|
| 044 |
|
|
|a xr
|c CZ
|
| 072 |
|
7 |
|a 692
|x Konštrukčné prvky a časti stavieb
|2 konspekt
|
| 080 |
|
|
|a 692.82
|x (035)
|2 2001
|
| 080 |
|
|
|a (035)
|2 2001
|
| 100 |
1 |
|
|a Motyková, Adela
|4 aut
|9 405585
|
| 240 |
1 |
0 |
|a Okná : chystáte sa vymeniť okná?
|l Česky
|
| 245 |
1 |
0 |
|a Okna
|b správna řešení pro novostavby i rekonstrukce
|c Adela Motyková ; [překlad Michala Benešová]
|
| 250 |
|
|
|a 1. vyd.
|
| 260 |
|
|
|a Praha
|b Grada Publishing
|c 2008
|
| 300 |
|
|
|a 112 s.
|b ilustr.
|c 21 cm
|
| 490 |
1 |
|
|a Profi & hobby
|v 129
|
| 500 |
|
|
|a Preložené zo slov.
|
| 500 |
|
|
|a Podnázov z obalu: technické požadavky, typy oken, zasklení, opravy, výměny, rolety, žaluzie, okenice
|
| 650 |
0 |
7 |
|a okná
|2 SNKPH
|9 21896
|
| 655 |
|
7 |
|a príručky
|2 SNKPH
|9 74364
|
| 700 |
1 |
|
|a Benešová, Michala,
|d 1982-
|4 trl
|9 121283
|
| 830 |
|
0 |
|a Profi & hobby
|9 405586
|
| 919 |
|
|
|a 978-80-247-2674-8
|
| 958 |
|
|
|a ZS
|
| 958 |
|
|
|a OP
|
| 999 |
|
|
|c 656743
|d 658673
|
| 952 |
|
|
|a SNK
|b SNK
|y VYP
|7 0
|p 17A0705796
|o snkSC 143411 D1
|i snk2011/14512
|8 2
|g 3.27
|0 0
|1 0
|4 0
|d 2011-04-27
|f 1
|l 0
|r 2026-02-23 18:40:52
|w 2026-02-23
|
| 952 |
|
|
|a SNK
|b SNK
|y PREZ
|7 0
|p 17A0680445
|o snkSC 143411
|i snk2010/26083
|8 4
|g 6.07
|0 0
|1 0
|4 0
|d 2010-10-22
|l 0
|r 2025-07-11 00:00:00
|w 2026-02-23
|